banner koha

A mulher de trinta anos / (Registro n. 260024)

MARC details
000 -LÍDER
Campo de controle fixo 00614nam a22002417a 4500
001 - NÚMERO DE CONTROLE
Número de controle BS2023000634
003 - CÓDIGO MARC DA AGÊNCIA CATALOGADORA
Campo de controle BR-BrBNA
005 - DATA E HORA DA ÚLTIMA ATUALIZAÇÃO
Campo de controle 20231214122905.0
008 - CAMPO DE TAMANHO FIXO
Campo fixo de controle 231214b bl.||||| |||| 00| 0 por d
020 ## - ISBN - INTERNATIONAL STANDARD BOOK NUMBER
ISBN 85-13-01134-7
040 ## - FONTE DA CATALOGAÇÃO
Agência catalogadora BR-BrBNA
Idioma da catalogação por
041 ## - CÓDIGO DO IDIOMA
Código do Idioma por
072 ## - CATEGORIA DE CLASSIFICAÇÃO
Código da categoria de assunto S84
100 ## - ENTRADA PRINCIPAL - NOME PESSOAL
Código de relação aut.
Nome pessoal Balzac, Honoré de
245 ## - TÍTULO PRINCIPAL
Título principal A mulher de trinta anos /
Indicação de responsabilidade Honoré de Balzac
260 ## - IMPRENTA (PUBLICAÇÃO, DISTRIBUIÇÃO, ETC.)
Lugar de publicação, distribuição, etc. São Paulo, SP :
Nome do editor, distribuidor, etc. Nova Cultural,
Data de publicação, distribuição, etc 2003
300 ## - DESCRIÇÃO FÍSICA
Extensão 158 p.
650 ## - ASSUNTO
Cabeçalho tópico ou nome geográfico LITERATURA FRANCESA
650 ## - ASSUNTO
Cabeçalho tópico ou nome geográfico FICÇÃO
909 ## - IDENTIFICAÇÃO DO CATALOGADOR
Ano e mês da catalogação (aaaamm) 202312
Identificação do catalogador Ana Lívia
942 ## - TIPO ESPECÍFICO
Tipo de material Livros
Exemplares
Status de empréstimo Fonte de classificação Status de danificação Não pode ser emprestado Localização permanente Localização atual Total Checkouts Número de chamada Código de barras Date last seen Tipo de material Perdido Data de aquisição Fonte de aquisição Qualificador de localização codificada Preço Número de inventário Preço para reposição Preço efetivo a partir de
  Classificação AGRIS     Espaço Ceres - QVT/MAPA Espaço Ceres - QVT/MAPA   S84 BS2023000634 2023-437305 14/12/2023 Livros                

BINAGRI

Telefone: (61)3218-2567/2388/3357/2097 - binagri@agro.gov.br

Ministério da Agricultura e Pecuária , Esplanada dos Ministérios, Bloco D, Anexo B, Brasília/DF, CEP: 70.043-900